Vodohospodársky časopis Časopis pre hydrológiu a hydromechaniku

Saved in:
Bibliographic Details
Format: Serial
Language:Slovak
Published: Bratislava Veda 1987
Tags: Add Tag
No Tags, Be the first to tag this record!

MARC

LEADER 00000nas2a2200000 4500
001 s025090
005 20250730114132.7
041 0 |a slo 
044 |a SK 
245 1 0 |a Vodohospodársky časopis  |b Časopis pre hydrológiu a hydromechaniku 
264 1 |a Bratislava  |b Veda  |c 1987 
300 |a 1 zv. 
773 0 |w eu_un_cat*s120281